Ruminer sa vengeance dans le plus grand des secrets : une réflexion sur la violence jihadiste en France (2015-2020) (notice n° 1605740)
[ vue normale ]
| 000 -LEADER | |
|---|---|
| fixed length control field | 01707cam a2200181 4500500 |
| 005 - DATE AND TIME OF LATEST TRANSACTION | |
| control field | 20251228095146.0 |
| 041 ## - LANGUAGE CODE | |
| Language code of text/sound track or separate title | fre |
| 042 ## - AUTHENTICATION CODE | |
| Authentication code | dc |
| 100 10 - MAIN ENTRY--PERSONAL NAME | |
| Personal name | Benraad, Myriam |
| Relator term | author |
| 245 00 - TITLE STATEMENT | |
| Title | Ruminer sa vengeance dans le plus grand des secrets : une réflexion sur la violence jihadiste en France (2015-2020) |
| 260 ## - PUBLICATION, DISTRIBUTION, ETC. | |
| Date of publication, distribution, etc. | 2021.<br/> |
| 500 ## - GENERAL NOTE | |
| General note | 1 |
| 520 ## - SUMMARY, ETC. | |
| Summary, etc. | Rumination, secret et vengeance… Trois termes qui, à première vue, ne paraissent entretenir entre eux qu’un rapport distant, brouillé, mais qui ne s’en trouvent pas moins inscrits au cœur de la violence terroriste ayant frappé la France ces dernières années. Pour élucider leurs liens étroits et complexes, cette étude retient pour échantillon les attentats jihadistes perpétrés entre 2015 et 2020. |
| 520 ## - SUMMARY, ETC. | |
| Summary, etc. | Ruminating, secrecy and revenge – at first sight, those three terms only seem distantly and obscurely related. Nevertheless, they lie at the core of the terrorism that has hit France over the past few years. This article will illuminate the complex and narrow links among them, basing itself on the Islamist attacks carried out between 2015 and 2020. |
| 520 ## - SUMMARY, ETC. | |
| Summary, etc. | Ruminação, segredo e vingança… Três palavras com relações aparentemente distantes ou opacas que não deixam, contudo, de se inscrever no âmago da violência terrorista que se abateu sobre a França nestes últimos anos. Para esclarecer os laços estreitos e complexos que as unem, esta reflexão incidirá sobre os atentados jiadistas perpetrados entre 2015 e 2020. |
| 786 0# - DATA SOURCE ENTRY | |
| Note | Sigila | 48 | 2 | 2021-12-06 | p. 83-91 | 1286-1715 |
| 856 41 - ELECTRONIC LOCATION AND ACCESS | |
| Uniform Resource Identifier | <a href="https://shs.cairn.info/revue-sigila-2021-2-page-83?lang=fr&redirect-ssocas=7080">https://shs.cairn.info/revue-sigila-2021-2-page-83?lang=fr&redirect-ssocas=7080</a> |
Pas d'exemplaire disponible.




Réseaux sociaux